Quarterly statistical bulletin 1981 Western Samoa

Guardado en:
Detalles Bibliográficos
Formato: Libro
Lenguaje:inglés
Publicado: Apia Department of Statistics 1982
Etiquetas: Agregar Etiqueta
Sin Etiquetas, Sea el primero en etiquetar este registro!

MARC

LEADER 00000nam$a2200000 4500
001 s123739
005 20251212124224.8
041 0 |a eng 
044 |a WS 
245 1 0 |a Quarterly statistical bulletin 1981  |b Western Samoa 
264 1 |a Apia  |b Department of Statistics  |c 1982 
300 |a 56 s.